10 villes française commençant par M - Statistiques

Statistiques générales
  • Ce quiz a été pris 138 fois
  • Le résultat moyen est 4 sur 10
Statistiques - réponses
Ville % Correct
1 Marseille
91%
2 Montpellier
76%
3 Metz
51%
4 Mulhouse
44%
8 Menton
23%
9 Montauban
23%
5 Meaux
16%
10 Mâcon
15%
6 Mantes-la-Jolie
12%
7 Maubeuge
11%
Aucun quiz correspondant
Distribution des résultats
% des personnes avec chaque résultat
Percentile par nombre de réponses
Votre historique - résultats
Vous n’avez pas pris ce quiz